| 000 | 00534nam a2200193 a 4500 | ||
|---|---|---|---|
| 005 | 20230202063723.0 | ||
| 008 | 010530s1997 r 000 0 eng d | ||
| 020 | _a9684932243 | ||
| 035 | _aUPN01000107111 | ||
| 049 | _aCG | ||
| 050 | 4 |
_aPQ7297.23 054 _bF3.4 1997 |
|
| 100 | 1 |
_aMolina, Silvia, _d1946- _929354 |
|
| 245 | 1 | 3 |
_aLa familia vino del norte / _cSilvia Molina. |
| 260 |
_aMéxico : _bCal y Arena, _c1997. |
||
| 300 |
_a155 p. : _bil. |
||
| 650 | 4 |
_aNovela mexicana _ySiglo XX _96052 |
|
| 905 | _aLibro | ||
| 999 |
_c81023 _d81023 |
||